000 00647nam a2200205 4500
001 123282
003 ES-MaACL
005 20250907063105.0
007 t|
008 070214s1904 ag r ||||0| spa d
100 1 _aQuesada, Vicente G.,
_d1830-1913
_994565
245 1 0 _aRecuerdos de mi vida diplomática /
_cVicente G. Quesada.
260 _aBuenos Aires :
_b[s.n.],
_c1904 (
_fConí hermanos)
300 _a2 v ;
_c25 cm.
505 8 _aContiene: Vol. I. 1885-92 Estados Unidos. Vol. II. 1891 México
740 0 _a1885-92 Estados Unidos.
740 0 _a1891 México.
852 _aES-MaACL
_jG-6689-90
999 _c123282
_d123282